El IVA y los "padres de la patria"

Gespeichert in:
Bibliographische Detailangaben
Format: Text
Schlagworte:
Tags: Tag hinzufügen
Keine Tags, Fügen Sie den ersten Tag hinzu!

MARC

LEADER 00000 a a2200000 04500
001 5977
003
040
245 |a El IVA y los "padres de la patria"  
650 |a IMPUESTO AL VALOR AGREGADO  
650 |a PARLAMENTO  
650 |a SOCIEDAD CIVIL  
650 |a PAZ  
650 |a GOBIERNO  
650 |a PARTIDOS POLITICOS  
650 |a PARTICIPACION SOCIAL  
650 |a DEMOCRACIA  
773 |g volumen 16, número 668; páginas 14-16  
999 |c 27187  |d 27187